Ventramas : Fabio Herrera. (Record no. 902)

MARC details
000 -LEADER
campo de control de longitud fija 00772nam a22002057a 4500
008 - DATOS DE LONGITUD FIJA--INFORMACIÓN GENERAL
campo de control de longitud fija 160518b xxu||||| |||| 00| 0 eng d
020 ## - NÚMERO INTERNACIONAL ESTÁNDAR DEL LIBRO
Número Internacional Estándar del Libro 9789968929110
020 ## - NÚMERO INTERNACIONAL ESTÁNDAR DEL LIBRO
Número Internacional Estándar del Libro 9968929115
082 ## - NÚMERO DE LA CLASIFICACIÓN DECIMAL DEWEY
Número de clasificación 759.972.86
Número de ítem H565v
100 ## - ENTRADA PRINCIPAL--NOMBRE DE PERSONA
Nombre de persona Herrera,Fabio ; Pau-Llosa,Ricardo.
9 (RLIN) 4957
110 ## - ENTRADA PRINCIPAL--NOMBRE DE ENTIDAD CORPORATIVA
Nombre de entidad corporativa o nombre de jurisdicción como elemento de entrada Galería Alternativa.
9 (RLIN) 4958
245 ## - MENCIÓN DEL TÍTULO
Título Ventramas : Fabio Herrera.
Mención de responsabilidad, etc. Fabio Herrera; Ricardo Pau-Llosa; Galería Alternativa.
260 ## - PUBLICACIÓN, DISTRIBUCIÓN, ETC.
Lugar de publicación, distribución, etc. San José, Costa Rica
Nombre del editor, distribuidor, etc. Ediciones Andromeda
Fecha de publicación, distribución, etc. 2007
300 ## - DESCRIPCIÓN FÍSICA
Extensión 46 pag
Otras características físicas color illustrations
Dimensiones 22 cm
600 ## - PUNTO DE ACCESO ADICIONAL DE MATERIA--NOMBRE DE PERSONA
Nombre de persona Herrera Martinez, Fabio
9 (RLIN) 4959
650 ## - PUNTO DE ACCESO ADICIONAL DE MATERIA--TÉRMINO DE MATERIA
Término de materia o nombre geográfico como elemento de entrada Pintura Costarricense
Subdivisión de forma Catalago de exhibición
Subdivisión general Arte costarricense
9 (RLIN) 4960
700 ## - ENTRADA AGREGADA--NOMBRE PERSONAL
Nombre de persona Fabio Herrera
9 (RLIN) 4940
700 ## - ENTRADA AGREGADA--NOMBRE PERSONAL
Nombre de persona Pau-Llosa,Ricardo.
9 (RLIN) 4961
710 ## - ENTRADA AGREGADA--NOMBRE DE ENTIDAD CORPORATIVA
Nombre de entidad corporativa o nombre de jurisdicción como elemento de entrada Galería Alternativa.
9 (RLIN) 4962
Holdings
Estatus retirado Estado de pérdida Fuente del sistema de clasificación o colocación Estado de daño No para préstamo Biblioteca de origen Biblioteca actual Ubicación en estantería Fecha de adquisición Total de préstamos Signatura topográfica completa Código de barras Visto por última vez Precio de reemplazo Tipo de ítem Koha
    Clasificación Decimal Dewey     Biblioteca LadoV Biblioteca LadoV   18/05/2016   759.972.86 H565v 000833 18/05/2016 18/05/2016 Material 01